书目信息 |
| 题名: |
新周刊2003佳作
|
|
| 作者: | ;新周刊杂志社 编 | |
| 分册: | ||
| 出版信息: | 桂林 漓江出版社 2004.01 |
|
| 页数: | 428页 | |
| 开本: | 21cm | |
| 丛书名: | 中国名报名刊年度佳作系列 | |
| 单 册: | ||
| 中图分类: | C55 | |
| 科图分类: | ||
| 主题词: | 文摘--wen zhai--中国--丛刊 | |
| 电子资源: | ||
| ISBN: | 7-5407-3071-4 | |
| 000 | 00940nam 2200253 450 | |
| 001 | 012008472154 | |
| 005 | 20080424134634.87 | |
| 010 | @a7-5407-3071-4@dCNY21.00 | |
| 100 | @a20080424d2004 km y0chiy0120 ea | |
| 101 | 0 | @achi |
| 102 | @aCN@b450000 | |
| 105 | @aa z 000yy | |
| 106 | @ar | |
| 200 | 1 | @a新周刊2003佳作@AXin Zhou Kan 2003 Jia Zuo@f新周刊杂志社编@FXin Zhou Kan Za Zhi She Bian |
| 210 | @a桂林@c漓江出版社@d2004.01 | |
| 215 | @a428页@c图@d21cm | |
| 225 | 2 | @a中国名报名刊年度佳作系列@Azhong guo ming bao ming kan nian du jia zuo xi lie |
| 330 | @a本书是《新周刊》杂志2003年精选的社会生活文集,这二十多篇文章努力发掘时代生活方式变革潮流中最具革命性和前瞻性的元素,并关注未来的趋势。 | |
| 410 | 0 | @12001 @a中国名报名刊年度佳作系列 |
| 606 | 0 | @a文摘@Awen zhai@y中国@j丛刊 |
| 690 | @aC55@v4 | |
| 711 | 02 | @a新周刊杂志社@AXin Zhou Kan Za Zhi She@4编 |
| 801 | 0 | @aCN@bQSSK@c20080424 |
| 905 | @b20703249-51@dC55@eX584@f3 | |
| 新周刊2003佳作/新周刊杂志社编.-桂林:漓江出版社,2004.01 |
| 428页:图;21cm.-(中国名报名刊年度佳作系列) |
| ISBN 7-5407-3071-4:CNY21.00 |
| 本书是《新周刊》杂志2003年精选的社会生活文集,这二十多篇文章努力发掘时代生活方式变革潮流中最具革命性和前瞻性的元素,并关注未来的趋势。 |
| ● |
| 相关链接 |
|
|
|
正题名:新周刊2003佳作
索取号:C55/X584
 
预约/预借
| 序号 | 登录号 | 条形码 | 馆藏地/架位号 | 状态 | 备注 |
| 1 | 703249 | 207032496 | 社科库509/509社科库 55排2列4层/ [索取号:C55/X584] | 在馆 | |
| 2 | 703250 | 207032502 | 社科库509/509社科库 55排2列4层/ [索取号:C55/X584] | 在馆 | |
| 3 | 703251 | 207032511 | 社科库509/509社科库 55排2列4层/ [索取号:C55/X584] | 在馆 |